Packers 2020s Draft Picks - Statistics

General Stats
  • This quiz has been taken 17 times
  • The average score is 36 of 67
Answer Stats
Hint Answer % Correct
2020 R1 Utah State QB Jordan Love
100%
2026 R2 South Carolina CB Brandon Cisse
90%
2024 R2 Texas A&M LB Edgerrin Cooper
90%
2024 R4 Oregon S Evan Williams
90%
2023 R2 Michigan State WR Jayden Reed
90%
2024 R1 Arizona OL Jordan Morgan
90%
2023 R1 Iowa EDGE Lukas Van Ness
90%
2025 R1 Texas WR Matthew Golden
90%
2025 R3 TCU WR Savion Williams
90%
2023 R3 South Dakota State TE Tucker Kraft
90%
2023 R6 Auburn K Anders Carlson
80%
2025 R4 Texas EDGE Barryn Sorrell
80%
2022 R2 North Dakota State WR Christian Watson
80%
2026 R4 Penn State EDGE Dani Dennis-Sutton
80%
2021 R1 Georgia CB Eric Stokes
80%
2024 R2 Georgia CB/S Javon Bullard
80%
2025 R7 Cincinnati OL John Williams
80%
2023 R2 Oregon State TE Luke Musgrave
80%
2022 R1 Georgia MLB Quay Walker
80%
2022 R7 Penn State OT Rasheed Walker
80%
2022 R4 Nevada WR Romeo Doubs
80%
2026 R6 Florida K Trey Smack
80%
2025 R2 NC State OT Anthony Belton
70%
2022 R1 Georgia DT Devonte Wyatt
70%
2026 R6 Alabama CB Domani Jackson
70%
2023 R5 Virgina WR Dontavion Wicks
70%
2023 R7 Kentucky CB Carrington Valentine
60%
2025 R5 Oklahoma State EDGE Collin Oliver
60%
2021 R2 Ohio State C Josh Myers
60%
2024 R3 USC RB MarShawn Loyld
60%
2022 R3 UCLA OL Sean Rhyan
60%
2021 R3 Clemson WR Amari Rodgers
50%
2023 R4 Auburn DL Colby Wooden
50%
2026 R5 Kentucky C Jager Burton
50%
2022 R7 Miami DT Jonathan Ford
50%
2024 R7 Penn State CB Kalen King
50%
2023 R6 Bowling Green DL Karl Brooks
50%
2023 R5 Penn State QB Sean Clifford
50%
2024 R3 Missouri LB Ty'ron Hopper
50%
2022 R4 Wake Forest OL Zach Tom
50%
2026 R3 Missouri DT Chris McClellan
40%
2024 R7 Tulane QB Micheal Pratt
40%
2020 R2 Bosten Colege RB AJ Dillion
30%
2023 R7 Iowa State S Anthony Johnson Jr
30%
2021 R6 Wisconsin OL Cole Van Lanen
30%
2021 R6 Bosten College LB Isaiah McDuffie
30%
2024 R5 Duke C/G Jacob Monk
30%
2020 R6 Michigan G Jon Runyan Jr
30%
2023 R7 Central Michigan RB Lew Nichols
30%
2025 R7 Tulane CB Micah Robinson
30%
2022 R7 Nebraska WR Smouri Toure
30%
2022 R7 Georgia Tech S Tariq Carpenter
30%
2021 R5 Florida DT Tedarrell Slaton
30%
2024 R6 Georgia State DT Travis Glover
30%
2025 R6 Georgia DL Warren Brinson
30%
2023 R7 Charlotte WR Grant Dubose
20%
2020 R6 Oregon C Jake Hanson
20%
2020 R7 Miami EDGE Jonathan Garvin
20%
2020 R3 Cincinati TE Josiah Deguara
20%
2020 R5 Minnisota LB Kamal Martin
20%
2022 R5 South Carolina EDGE Kingsley Enagbare
20%
2024 R5 Oregon State S Kitan Oladapo
20%
2021 R7 Mississippi State RB Klein Hill
20%
2021 R4 Ole Miss OL Royce Newman
20%
2021 R5 Appalachian State CB Shemar-Jean Charles
20%
2020 R6 Indiana OT Simon Stepaniak
20%
2020 R7 TCU CB Vernon Scott
20%
No matching quizzes found
Score Distribution
Percent of People with Each Score
Percentile by Number Answered
Your Score History
You have not taken this quiz